000 00201nam a22000857a 4500
008 161122b xxu||||| |||| 00| 0 eng d
100 _91308
_aCBSE
245 _aMathematics-X
260 _aNew delhi
_bCBSE
_c2010
999 _c4020
_d4020